000 00914nam0a22002651 4500
001 rc\4308143
005 20250612043931.0
021 _aRU
_b[63-33231]
035 _a(NLR Aleph) 008506487
090 _a8141973
_c8141973
100 _a20130416d1963 |||y0rusy50 ca
101 0 _arus
102 _aRU
105 _ay z |||c|
200 1 _aЧетыре чемпиона
_eОчерки о спортсменах
210 _aМосква
_cПравда
_d1963
215 _a47 с.
_d17
225 1 _aБиблиотека "Огонек"
_v№ 14
606 _aФизкультурники и спортсмены СССР
_jОчерки
_2psbo
700 1 _7ca
_8rus
_aВикторов
_bВ. Я.
_cжурналист, спорт
_f1909-
_gВиктор Яковлевич
_9265087
_3RU\NLR\AUTH\770265143
801 0 _aRU
_bNLR
_gpsbo
801 1 _aRU
_bELAR
_2rusmarc
852 _aNLR
_j63-2/1568
942 _cBOOK
980 _aNB